000 00419 a2200145 4500
999 _c3708
_d3708
020 _a9780851127231
050 _aML 3534 HOG 1993
100 _aHogg, Brian
245 _aThe history of Scottish Rock and Pop :
_ball that ever mattered /
_cBrian Hogg
264 _aEnfield :
_bGuinness,
_c1993
300 _a413p. :
_bill
500 _aIncludes bibliography
650 _aPopular music
942 _2lcc
_cBK
_h3534
_iHOG
_kML